The Philippines / (Record no. 1440)

MARC details
000 -LEADER
fixed length control field 00779cam a2200241 a 4500
005 - DATE AND TIME OF LATEST TRANSACTION
control field 20231211160238.0
020 ## - INTERNATIONAL STANDARD BOOK NUMBER
International Standard Book Number 0516210106 (lib. bdg.)
040 ## - CATALOGING SOURCE
Original cataloging agency DLC
Transcribing agency DLC
Modifying agency DLC
050 00 - LIBRARY OF CONGRESS CALL NUMBER
Classification number DS655
Item number .O43 2000
082 00 - DEWEY DECIMAL CLASSIFICATION NUMBER
Classification number 959.9
Edition number 21
100 1# - MAIN ENTRY--PERSONAL NAME
Personal name Oleksy, Walter G.,
Dates associated with a name 1930-
245 14 - TITLE STATEMENT
Title The Philippines /
Statement of responsibility, etc. by Walter Oleksy.
260 ## - PUBLICATION, DISTRIBUTION, ETC.
Place of publication, distribution, etc. New York :
Name of publisher, distributor, etc. Children's Press,
Date of publication, distribution, etc. 2000.
300 ## - PHYSICAL DESCRIPTION
Extent 144 pages :
Other physical details color illustrations, maps ;
Dimensions 25 cm
505 ## - FORMATTED CONTENTS NOTE
Formatted contents note Z
520 ## - SUMMARY, ETC.
Summary, etc. Describes the geography, plants, animals, history, economy, language, religions, culture, sports, arts, and people of the Philippines.
521 ## - TARGET AUDIENCE NOTE
Target audience note 1150 <br/>
Source Lexile
521 ## - TARGET AUDIENCE NOTE
Target audience note Z
Source Raz-Plus
650 ## - SUBJECT ADDED ENTRY--TOPICAL TERM
Topical term or geographic name entry element Philipines
906 ## - LOCAL DATA ELEMENT F, LDF (RLIN)
a 7
b vip
c orignew
d 1
e ocip
f 19
g y-gencatlg
942 ## - ADDED ENTRY ELEMENTS (KOHA)
Source of classification or shelving scheme Dewey Decimal Classification
Koha item type Books
Suppress in OPAC No
999 ## -
-- 1440
-- 1440
Holdings
Withdrawn status Lost status Source of classification or shelving scheme Damaged status Not for loan Collection Home library Current library Shelving location Date acquired Total Checkouts Full call number Barcode Date last seen Date last checked out Copy number Price effective from Koha item type
    Dewey Decimal Classification     Non-Fiction Footprints International School Library Network Toul Kork Campus Footprints International School Library Network Toul Kork Campus A TK Campus, 4th Floor, Room B401, Non-Fiction Bookcases(7-8) 08/25/2023 1 OLE 959.9 DS655.O43 2023-0359 09/07/2023 08/31/2023 1 08/25/2023 Books
    Dewey Decimal Classification     Non-Fiction Footprints International School Library Network Toul Kork Campus Footprints International School Library Network Toul Kork Campus A TK Campus, 4th Floor, Room B401, Non-Fiction Bookcases(7-8) 05/09/2024   OLE 959.9 DS655.O43 2024-0592 05/09/2024   2 05/09/2024 Books
    Dewey Decimal Classification     Non-Fiction Footprints International School Library Network Toul Kork Campus Footprints International School Library Network Toul Kork Campus A TK Campus, 4th Floor, Room B401, Non-Fiction Bookcases(7-8) 05/09/2024   OLE 959.9 DS655.O43 2024-0593 05/09/2024   3 05/09/2024 Books